000 01045nam a2200337Ia 4500
003 OSt
005 20221007121023.0
006 a|||||r|||| 00| 0
007 ta
008 221006b |||||||| |||| 00| 0 eng d
020 _a9783642005732
024 _a86270
037 _cTextbook
040 _aBDL
_cBDL
_beng
041 _2eng
_aeng
082 _aI:3, N6 Carb
100 _aWagner Hildebert
_9710492
245 0 _aPlant drug analysis:a thin layer chromatography atlas
_b Bladt Sabine
250 _a2
260 _aBerlin
_bSpringer
_c1996
300 _axv, 384p.
_ccm.
500 _aAppendix 359- 366.; Bibliography 367-368p.; Index 369- 384.
650 _a Medical pharmacy
_9710493
650 _a Plant physiology
_9425556
650 _a Thin layer chromatography
_9710494
650 _a Vegetable-analysis
_9710495
650 _aMateria medica
_9710496
700 _a Bladt Sabine
_9710497
942 _hI:3, N6 Carb
_cTB
_2CC
999 _c1208338
_d1208338